000 00989nam a2200265 a 4500
001 000024565
005 20200930023236.0
008 110131s1971 fr r 000 p fre d
020 _a9232008149
040 _aDO-SdBNP
_bspa
_cBNPHU
082 _a025.52
_bP412p, 1971
100 1 _aPenna, Carlos Víctor,
_d1911-1998
_950363
245 1 3 _aLa planification des services de bibliothéque et de documentation /
_cCarlos Victor Penna ; rev. et augm par Philip H. Sewell et Herman Liebaers.
250 _a2e éd.
260 _aParis, (Francia) :
_bUnesco,
_c1971.
300 _a178 p. ;
_c21 cm.
490 1 _aManuels de l'Unesco à l'usage des bibliothèques ;
_v17
500 _aAnnexes
504 _aBibliographie (p. 95)
650 4 _aServicios bibliográficos
_xPlanificación
_950364
650 4 _aCentros de documentación
_xPlanificación
_950365
700 1 _aSewell, Philip H.
_950366
830 0 _aManuels de l'Unesco à l'usage des bibliothèques
_v17
_950367
049 _aBNGR
999 _c24058
_d24058